| 000 | 00690nam a22002057a 4500 | ||
|---|---|---|---|
| 999 |
_c20600 _d20600 |
||
| 003 | AR-CdUCM | ||
| 008 | 190531b ||||| |||| 00| 0 spa d | ||
| 040 |
_aMUNICIPALIDAD PROVINCIAL DEL CUSCO _cBIBLIOTECA MUNICIPAL DEL CUSCO |
||
| 082 |
_a332.1 / _bM95 |
||
| 100 |
_aMuratti, Natalio _943059 |
||
| 245 | _aElementos de ciencias bancarias / | ||
| 260 |
_aMéxico : _bEl ateneo, _c1960. |
||
| 300 |
_a437 páginas ; _c24 cm |
||
| 505 | _aContenido : Ciencia bancaria -- Origen de la expresión banco -- Clasificacion de los bancos... | ||
| 650 |
_aBancos _94353 |
||
| 650 |
_aEvolución bancaria _943060 |
||
| 650 |
_aÓrganos económicos _943061 |
||
| 942 |
_2ddc _cLIBROS |
||
| 945 | _arcc | ||